[Event "POR-chT2 final"]
[Site "Matosinhos"]
[Date "2013.08.25"]
[Round "3.1"]
[White "Casaleiro, Rodolfo Dias"]
[Black "Ferreira, Luis Pedro Oliveira"]
[Result "1/2-1/2"]
[WhiteElo "1972"]
[BlackElo "1990"]
[PlyCount "142"]
[EventDate "2013.08.24"]
[EventType "team-tourn"]
[EventRounds "3"]
[EventCountry "POR"]
[SourceTitle "EXT 2018"]
[Source "ChessBase"]
[SourceDate "2017.10.13"]
[SourceVersion "1"]
[SourceVersionDate "2017.10.13"]
[SourceQuality "1"]
[WhiteTeam "Coimbra II"]
[BlackTeam "Mamede Diogo"]
[WhiteTeamCountry "POR"]
[BlackTeamCountry "POR"]

1. e4 e6 2. d4 d5 3. Nd2 dxe4 4. Nxe4 Nd7 5. Nf3 Be7 6. Bd3 Ngf6 7. Nxf6+ Bxf6 8. 0-0 0-0 9. Qe2 c5 10. c3 cxd4 11. cxd4 Nb6 12. Rd1 Nd5 13. Ne5 Bd7 14. g3 Bc6 15. Nxc6 bxc6 16. Qc2 g6 17. Qxc6 Bxd4 18. Be4 Qf6 19. Qc2 Rfd8 20. h4 Qe5 21. Bf4 Nxf4 22. gxf4 Qxf4 23. Rxd4 Rxd4 24. Bxa8 Qxh4 25. Bg2 Qg4 26. Qc8+ Kg7 27. Qc3 e5 28. Re1 f6 29. Kf1 Rc4 30. Qa3 Rc7 31. b4 h5 32. Qb3 h4 33. a4 Rc4 34. Qe3 Rxb4 35. Qxa7+ Kh6 36. a5 Ra4 37. Qe3+ g5 38. Qc3 Qd4 39. Qc6 Qf4 40. a6 Ra2 41. Qc5 Rxa6 42. Qf8+ Kh5 43. Qh8+ Kg6 44. Bd5 Ra4 45. Bg8 Kf5 46. Qh7+ Kg4 47. Qd7+ f5 48. Qd1+ Kh3 49. Re3+ Kh2 50. Rxe5 Qxe5 51. Qxa4 f4 52. f3 Kg3 53. Qc2 Kxf3 54. Bd5+ Kg4 55. Qg2+ Kf5 56. Qc2+ Kg4 57. Qg2+ Kh5 58. Bf7+ Kh6 59. Qc6+ Kg7 60. Qg6+ Kf8 61. Be6 Qg7 62. Qf5+ Ke7 63. Bc8 Qf6 64. Qh7+ Kf8 65. Qd7 f3 66. Bb7 Qf4 67. Qd8+ Kg7 68. Qe7+ Kh6 69. Qe6+ Kh5 70. Qe8+ Kh6 71. Qe6+ Kh5 1/2-1/2

[Event "Gaia Profigaia op 6th"]
[Site "Vila Nova de Gaia"]
[Date "2013.07.08"]
[Round "5.10"]
[White "Casaleiro, Rodolfo Dias"]
[Black "Amendoeira, Rui Pedro Gomes"]
[Result "1-0"]
[WhiteElo "1954"]
[BlackElo "1848"]
[PlyCount "55"]
[EventDate "2013.07.06"]
[EventType "swiss"]
[EventRounds "9"]
[EventCountry "POR"]
[SourceTitle "EXT 2015"]
[Source "ChessBase"]
[SourceDate "2014.11.20"]
[SourceVersion "1"]
[SourceVersionDate "2014.11.20"]
[SourceQuality "1"]

1. e4 c5 2. c3 d6 3. d4 cxd4 4. cxd4 Nf6 5. Nc3 g6 6. Nf3 Bg7 7. Bc4 0-0 8. Bb3 Bg4 9. h3 Bd7 10. 0-0 Nc6 11. Re1 Be8 12. Bg5 Na5 13. Bc2 h6 14. Bh4 g5 15. Bg3 b5 16. Qe2 b4 17. e5 Nh5 18. Qd3 f5 19. exf6 Nxf6 20. Nd5 Nxd5 21. Qh7+ Kf7 22. Ne5+ dxe5 23. Bg6+ Ke6 24. Qxg7 Nc6 25. Rxe5+ Nxe5 26. Qxe5+ Kd7 27. Qxd5+ Kc8 28. Rc1+ 1-0

[Event "Gaia Profigaia op 6th"]
[Site "Vila Nova de Gaia"]
[Date "2013.07.07"]
[Round "3.4"]
[White "Casaleiro, Rodolfo Dias"]
[Black "Senlle Caride, Miguel"]
[Result "0-1"]
[WhiteElo "1954"]
[BlackElo "2293"]
[PlyCount "68"]
[EventDate "2013.07.06"]
[EventType "swiss"]
[EventRounds "9"]
[EventCountry "POR"]
[SourceTitle "EXT 2015"]
[Source "ChessBase"]
[SourceDate "2014.11.20"]
[SourceVersion "1"]
[SourceVersionDate "2014.11.20"]
[SourceQuality "1"]

1. e4 e5 2. Nf3 Nc6 3. Bb5 a6 4. Ba4 Nf6 5. 0-0 b5 6. Bb3 Bc5 7. d3 d6 8. c3 h6 9. a4 Bb7 10. axb5 axb5 11. Rxa8 Qxa8 12. Nbd2 0-0 13. Nh4 Ne7 14. Re1 g5 15. Qf3 Kg7 16. Nf5+ Nxf5 17. Qxf5 Bc8 18. Qf3 Ng4 19. d4 exd4 20. Rf1 Ne5 21. Qg3 f5 22. exf5 dxc3 23. bxc3 Bxf5 24. h4 g4 25. Bd1 Qd5 26. Nb3 Bd3 27. Nxc5 Bxf1 28. Bxh6+ Kxh6 29. Qe3+ Kg7 30. Qg5+ Kf7 31. Qh5+ Ke7 32. Qg5+ Rf6 33. Qg7+ Qf7 34. Qxf7+ Rxf7 0-1

[Event "Figueira da Foz op 4th"]
[Site "Figueira da Foz"]
[Date "2007.10.28"]
[Round "1"]
[White "Casaleiro, Rodolfo Dias"]
[Black "Romanishin, Oleg M"]
[Result "1/2-1/2"]
[WhiteElo "1965"]
[BlackElo "2547"]
[PlyCount "84"]
[EventDate "2007.10.28"]
[EventType "swiss"]
[EventRounds "9"]
[EventCountry "POR"]
[SourceTitle "EXT 2008"]
[Source "ChessBase"]
[SourceDate "2007.11.25"]
[SourceVersion "1"]
[SourceVersionDate "2007.11.25"]
[SourceQuality "1"]

1. e4 c5 2. Nf3 e6 3. d4 cxd4 4. Nxd4 Nc6 5. c4 Nf6 6. Nc3 Qc7 7. f3 a6 8. Be3 Ne5 9. Rc1 Bc5 10. Qd2 0-0 11. Be2 d6 12. g4 Bd7 13. g5 Ne8 14. h4 Rc8 15. b3 b5 16. f4 b4 17. Nd1 Nc6 18. Nf2 Nxd4 19. Bxd4 Bc6 20. Bxc5 dxc5 21. Qe3 f5 22. 0-0 e5 23. Qxc5 exf4 24. e5 f3 25. Bd3 Qd7 26. Rcd1 Qe6 27. Qd4 Nc7 28. Qd6 Qxd6 29. exd6 Ne6 30. Rfe1 Nc5 31. Re7 Bd7 32. Bc2 Rf7 33. Rd5 Rxe7 34. dxe7 Kf7 35. Bxf5 Bxf5 36. Rxf5+ Kxe7 37. Rxf3 Ke6 38. Re3+ Kf5 39. Kg2 Rd8 40. Kf3 Rd4 41. Re7 Rxh4 42. Rxg7 Ne6 1/2-1/2